Phỏng vấn các tướng lĩnh Việt Nam; T2

Đã lưu trong:
Sonraí Bibleagrafaíochta
Príomhúdar: Phan Hoàng
Formáid: Leabhar
Teanga:Undetermined
Foilsithe: Tp. HCM Trẻ 1998
Ábhair:
Clibeanna: Cuir Clib Leis
Gan Chlibeanna, Bí ar an gcéad duine leis an taifead seo a chlibeáil!
Thư viện lưu trữ: Trung tâm Học liệu Trường Đại học Cần Thơ
LEADER 00551nam a2200193Ia 4500
001 CTU_25343
008 210402s9999 xx 000 0 und d
020 |b 10.800đ 
082 |a 959.7092 
082 |b H407/T2 
100 |a Phan Hoàng 
245 0 |a Phỏng vấn các tướng lĩnh Việt Nam; T2 
245 0 |c Phan Hoàng 
260 |a Tp. HCM 
260 |b Trẻ 
260 |c 1998 
650 |a names, personal,vietnam - history - 20th century 
904 |i Minh, 980923 
980 |a Trung tâm Học liệu Trường Đại học Cần Thơ